00288nam a2200085Ia 4500008004100000100001900041245009800060260003600158300000800194201223s9999 xx 000 0 und d aChaudhuri, K N 0aTrade and civilisation in the India Ocean : AnEconomic History from the Rise of Islam to 1750 aNew DelhibMunshiram Manoharlal a269